|
|
|
|
| LEADER |
00893cam a2200229 7i4500 |
| 001 |
0000028390 |
| 005 |
20130122090000.0 |
| 022 |
0 |
0 |
|a 19850387
|
| 090 |
0 |
0 |
|a M 388.9
|b BAN
|
| 110 |
2 |
0 |
|a Bank Negara Malaysia
|
| 245 |
2 |
0 |
|a Bank Negara Malaysia :
|b laporan tahunan 2011.
|
| 260 |
0 |
0 |
|a Kuala Lumpur:
|b Bank Negara Malaysia,
|c 2012.
|
| 300 |
# |
# |
|a 157 p.
|
| 650 |
0 |
0 |
|a Bank Negara Malaysia --
|x Annual report
|
| 651 |
0 |
0 |
|a Malaysia
|
| 999 |
|
|
|a JHR000343B
|b Book
|c Malaysia
|e MATRADE Southern Regional Office
|
| 999 |
|
|
|a B000031889
|b Book
|c Malaysia
|e Business Information Centre
|
| 999 |
|
|
|a B000031890
|b Book
|c Malaysia
|e Business Information Centre
|
| 999 |
|
|
|a PNG001052B
|b Book
|c Malaysia
|e MATRADE Northern Regional Office
|
| 999 |
|
|
|a SBH001020B
|b Book
|c Malaysia
|e MATRADE Sabah
|
| 999 |
|
|
|a SRW000447B
|b Book
|c Malaysia
|e MATRADE Sarawak
|
| 999 |
|
|
|a TRG000329B
|b Book
|c Malaysia
|e MATRADE Eastern Regional Office
|